Normal view
MARC view
- Economic policy
Entry Topical Term
001 - CONTROL NUMBER
- control field: 3817
003 - CONTROL NUMBER IDENTIFIER
- control field: OSt
005 - DATE AND TIME OF LATEST TRANSACTION
- control field: 20170512101932.0
008 - FIXED-LENGTH DATA ELEMENTS
- fixed length control field: 170512|| aca||aabn | a|a d
040 ## - CATALOGING SOURCE
- Original cataloging agency: OSt
- Transcribing agency: OSt
150 ## - HEADING--TOPICAL TERM
- Topical term or geographic name entry element: Economic policy
- Form subdivision: Popular works
670 ## - SOURCE DATA FOUND
- Source citation: Work cat.: (OSt)0: Harford, Tim, 1973- 3814, The undercover economist /, 2006

PORTAL AKMAL
E-MEL JKDM
AKMAL2U
G-BAM
u-PUSTAKA